Дело об обер-офицерском сыне Апполоне Синцове

Доступно только в Электронных читальных залах Найти на картеНа карте
RUSMARC
00003663nmc2a22000003x 450
001bce36da8-a7eb-428f-91a2-bc32a38cff38
00520210316221640.0
100##$a20181214l18671871k l0rusy0189 ca
1010#$arus
102##$aRU
2001#$aДело об обер-офицерском сыне Апполоне Синцове
$j18 декабря 1867 г. - 15 сентября 1871 г.
251##$cДело
300##$aДело
801#0$aRU
$bРГИА
$c20181214
$gRCR
801#1$aRU
$bГлавНИВЦ
$c20181214
$2rusmarc
801#2$aRU
$bПБ им. Б.Н. Ельцина
$c20210316
$gRCR
$2rusmarc
850##$aРГИА
852##$aРГИА
$eФедеральное казенное учреждение "Российский государственный исторический архив" (РГИА)
$j1420
937##$hРГИА
$d12296688
$aASBIBLIO_SCAN
462#0$100191353b96-cc3d-4f24-9eeb-3bfef1665a95
$12001
$aДела Департамента полиции исполнительной МВД за 1867 год
$1251
$cОпись
$1852
$j28
$l1867 г.
461#0$10013e300ed0-cd39-49af-8489-5ba5b90fa401
$12001
$aДепартамент полиции исполнительной МВД
$1251
$cФонд
$1852
$j1286
215##$a31 л.
$d36,5х26 см
371##$aДокумент не является опубликованным и широко распространяемым
105##$ay###
1222#$ad
035##$abce36da8-a7eb-428f-91a2-bc32a38cff38
856##$uhttp://readingroom.main.prlib.ru/item.aspx?id_node=n158934983&mode=full
Формат отображения